000 00360pam a2200145 i 4500
020 _a9780199591558
082 0 4 _a701
_bDOM/B
100 1 _aDominic McIver Lopes
245 1 0 _aBeyond art/
_cby Dominic McIver Lopes
260 _aOxford:
_bOxford University Press,
_c2014.
300 _aviii, 224 pages ;
650 0 _aArt Theory
650 0 _aArts
942 _cBK
999 _c59424
_d59424